Efficiency-inducing taxation for a monopolistically supplied depletable resource (Registro nro. 25859)
[ vista simple ]
| 000 -LEADER | |
|---|---|
| fixed length control field | 00445 a2200133 4500 |
| 001 - CONTROL NUMBER | |
| control field | ART_11813 |
| 005 - DATE AND TIME OF LATEST TRANSACTION | |
| control field | 20260410161900.0 |
| 008 - FIXED-LENGTH DATA ELEMENTS--GENERAL INFORMATION | |
| fixed length control field | 260409a |
| 100 1# - MAIN ENTRY--PERSONAL NAME | |
| Personal name | Bergstrom, Theodore C. |
| 245 10 - TITLE STATEMENT | |
| Title | Efficiency-inducing taxation for a monopolistically supplied depletable resource |
| 700 1# - ADDED ENTRY--PERSONAL NAME | |
| Personal name | Cross, John G. |
| 700 1# - ADDED ENTRY--PERSONAL NAME | |
| Personal name | Porter, Richard C. |
| 773 0# - HOST ITEM ENTRY | |
| Title | Journal of public economics |
| Related parts | - Vol. 15, Nº 1 (feb. 1981) |
| Record control number | REV11485 |
No hay ítems disponibles.